PRACTICAL MIDICINAL CHEMISTRY (Record no. 5777)

MARC details
000 -LEADER
fixed length control field 00483nam a22001697a 4500
005 - DATE AND TIME OF LATEST TRANSACTION
control field 20240108120952.0
008 - FIXED-LENGTH DATA ELEMENTS--GENERAL INFORMATION
fixed length control field 190326b xxu||||| |||| 00| 0 eng d
020 ## - INTERNATIONAL STANDARD BOOK NUMBER
ISBN 978-93-83525-10-2
041 ## - LANGUAGE CODE
Language code of text/sound track or separate title eng
100 ## - MAIN ENTRY--AUTHOR NAME
Personal name CHAVAN, DR RAJASHREE S. PAWAR Ms SMITA J ,MORE Dr. H.N MORE AND SAWANT Dr. SANJAY D
245 ## - TITLE STATEMENT
Title PRACTICAL MIDICINAL CHEMISTRY
250 ## - EDITION STATEMENT
Edition statement 6th, 2019
260 ## - PUBLICATION, DISTRIBUTION, ETC. (IMPRINT)
Place of publication PUNE
Name of publisher NIRALI PRAKASHAN
300 ## - PHYSICAL DESCRIPTION
Number of Pages B.1p,
650 ## - SUBJECT ADDED ENTRY--TOPICAL TERM
Topical Term PHARMACY
General subdivision B.PHARMA
942 ## - ADDED ENTRY ELEMENTS (KOHA)
Koha item type Books
Holdings
Lost status Damaged status Collection code Home library Current library Shelving location Date acquired Source of acquisition Cost, normal purchase price Full call number Accession Number Koha item type
    Reference JRU Library JRU Library SHELF-4-B 26/03/2019 PURCHASE 120.00 615.19 22512 Books
    PHARMACY JRU Library JRU Library SHELF-5-D 26/03/2019 PURCHASE 120.00 615.19 22513 Books
    PHARMACY JRU Library JRU Library Shelf - 27- I 26/03/2019   120.00   22514 Books
    PHARMACY JRU Library JRU Library Shelf - 27- I 10/02/2022 PURCHASE 120.00 615.19 26173 Books
    PHARMACY JRU Library JRU Library Shelf - 27- I 10/02/2022 PURCHASE 120.00 615.19 26174 Books
    PHARMACY JRU Library JRU Library Shelf - 27- I 10/02/2022 PURCHASE 120.00 615.19 26175 Books